Groupes politiques à la Chambre des communes du Royaume-Uni - Statistiques

Statistiques générales
  • Ce quiz a été pris 5 fois
  • Le résultat moyen est 4 sur 13
Statistiques - réponses
Députés Groupe % Correct
405 Labour Party
100%
119 Conservative Party
60%
72 Liberal Democrats
60%
5 Democratic Unionist Party
40%
9 Scottish National Party
40%
4 Green Party of England and Wales
20%
4 Plaid Cymry
20%
7 Sinn Féin
20%
2 Social Democratic and Labour Party
20%
1 Ulster Unionist Party
20%
1 Alliance Party of Northern Ireland
0%
5 Reform UK
0%
1 Traditional Unionist Voice
0%
Aucun quiz correspondant
Distribution des résultats
% des personnes avec chaque résultat
Percentile par nombre de réponses
Votre historique - résultats
Vous n’avez pas pris ce quiz